[Event "Vall del Tenes"]
[Site "Santa Eulalia de Roncana"]
[Date "2019.06.07"]
[Round "7.4"]
[White "Soler Colomer, Valenti"]
[Black "Herms Agullo, Jordi"]
[Result "1/2-1/2"]
[WhiteElo "2049"]
[BlackElo "2049"]
[PlyCount "22"]
[EventDate "2019.04.26"]
[EventType "tourn"]
[EventRounds "9"]
[EventCountry "ESP"]
[SourceTitle "EXT 2024"]
[Source "ChessBase"]
[SourceDate "2023.10.10"]
[SourceVersion "1"]
[SourceVersionDate "2023.10.10"]
[SourceQuality "1"]

1. Nf3 Nf6 2. c4 g6 3. b3 Bg7 4. Bb2 0-0 5. g3 d5 6. cxd5 Nxd5 7. Bxg7 Kxg7 8. Bg2 Nc6 9. d4 Bg4 10. 0-0 e6 11. e3 Qd6 1/2-1/2

[Event "Barcelona Canovelles U2200 op"]
[Site "Barcelona"]
[Date "2018.12.27"]
[Round "1.7"]
[White "Herms Agullo, Jordi"]
[Black "Saborit Verdaguer, Roger"]
[Result "1-0"]
[WhiteElo "2059"]
[BlackElo "1549"]
[PlyCount "59"]
[EventDate "2018.12.27"]
[EventType "swiss"]
[EventRounds "8"]
[EventCountry "ESP"]
[SourceTitle "EXT 2024"]
[Source "ChessBase"]
[SourceDate "2023.10.10"]
[SourceVersion "1"]
[SourceVersionDate "2023.10.10"]
[SourceQuality "1"]

1. e4 c5 2. Nf3 d6 3. d4 cxd4 4. Nxd4 Nf6 5. Nc3 a6 6. Bg5 e5 7. Nde2 Be6 8. Nd5 Bxd5 9. Bxf6 Qxf6 10. Qxd5 Nc6 11. Qd2 Be7 12. Nc3 0-0 13. Nd5 Qg5 14. Nxe7+ Qxe7 15. 0-0-0 Rfd8 16. h4 Rac8 17. Kb1 Qe6 18. h5 h6 19. Rh3 Rc7 20. Rd3 Rcd7 21. g4 Qf6 22. g5 hxg5 23. Bh3 Re7 24. Rxd6 Rxd6 25. Qxd6 Qxd6 26. Rxd6 f6 27. c3 Kh7 28. Bd7 Nb8 29. Bf5+ Kh6 30. Rd8 1-0

[Event "Roncana op-A 12th"]
[Site "Santa Eulalia de Roncana"]
[Date "2018.12.01"]
[Round "8"]
[White "Herms Agullo, Jordi"]
[Black "Fernandez Diaz, Cristian"]
[Result "1-0"]
[WhiteElo "2059"]
[BlackElo "2221"]
[PlyCount "59"]
[EventDate "2018.09.29"]
[EventType "swiss"]
[EventRounds "8"]
[EventCountry "ESP"]
[SourceTitle "CBM 187 Extra"]
[Source "ChessBase"]
[SourceDate "2018.11.04"]
[SourceVersion "1"]
[SourceVersionDate "2018.11.04"]
[SourceQuality "1"]

1. e4 d6 2. d4 Nf6 3. Nc3 g6 4. Bg5 Bg7 5. Qd2 c6 6. Bh6 Bxh6 7. Qxh6 Qa5 8. f3 c5 9. dxc5 Qxc5 10. 0-0-0 Be6 11. Nge2 Nc6 12. Kb1 0-0-0 13. Nf4 Qe5 14. Nfd5 Bxd5 15. exd5 Nb4 16. Bc4 g5 17. Rhe1 Qf5 18. Re2 Kb8 19. a3 Rc8 20. Rd4 b5 21. axb4 bxc4 22. Rxe7 Rhf8 23. Ne4 Nxe4 24. Rexe4 f6 25. Qg7 Rfe8 26. Rxe8 Rxe8 27. Rxc4 Qxd5 28. Qc7+ Ka8 29. Re4 Rb8 30. Re7 1-0

[Event "Roncana op-A 12th"]
[Site "Santa Eulalia de Roncana"]
[Date "2018.09.29"]
[Round "1"]
[White "Martin Ares, Miguel Angel"]
[Black "Herms Agullo, Jordi"]
[Result "0-1"]
[WhiteElo "1729"]
[BlackElo "2059"]
[PlyCount "119"]
[EventDate "2018.09.29"]
[EventType "swiss"]
[EventRounds "8"]
[EventCountry "ESP"]
[SourceTitle "CBM 187 Extra"]
[Source "ChessBase"]
[SourceDate "2018.11.04"]
[SourceVersion "1"]
[SourceVersionDate "2018.11.04"]
[SourceQuality "1"]

1. Nf3 Nc6 2. d4 d5 3. Bf4 Nf6 4. h3 g6 5. c3 Bg7 6. e3 0-0 7. Nbd2 Nd7 8. Nb3 e5 9. Bh2 e4 10. Nfd2 Nb6 11. c4 dxc4 12. Nxc4 Nxc4 13. Bxc4 Qg5 14. Bg3 h5 15. h4 Qe7 16. a3 Rd8 17. Qc2 Bg4 18. Nc5 Na5 19. Ba2 Bf5 20. b4 b6 21. Na6 Nb7 22. Qxc7 Rd7 23. Qc2 Re8 24. 0-0 Nd6 25. Qd2 Bf6 26. Rac1 Bxh4 27. Bh2 Bg5 28. Rc6 h4 29. Rfc1 h3 30. Rc7 Red8 31. R1c6 Nb5 32. Rc8 Nxd4 33. Rxd8+ Rxd8 34. Rd6 Rxd6 35. Bxd6 Qxd6 36. Qxd4 Qc6 37. Qc4 Qb7 38. b5 Be6 39. Qc2 Bxa2 40. Qxa2 Qd7 41. Qb1 Qg4 42. Qf1 Be7 43. a4 Bd6 44. g3 Kh7 45. Kh2 Kg7 46. Qxh3 Qxh3+ 47. Kxh3 f6 48. g4 Kf7 49. Kg2 Ke6 50. f3 exf3+ 51. Kxf3 Kd5 52. e4+ Kd4 53. g5 fxg5 54. Kg4 Kxe4 55. Kxg5 Kd5 56. Kxg6 Kc4 57. Kf5 Kb3 58. Ke6 Bg3 59. Kd5 Kxa4 60. Kc4 0-1

[Event "Roncana op 11th"]
[Site "Santa Eulalia de Roncana"]
[Date "2017.10.28"]
[Round "5"]
[White "Herms Agullo, Jordi"]
[Black "Canal Oliveras, Joan"]
[Result "1/2-1/2"]
[WhiteElo "2065"]
[BlackElo "2205"]
[PlyCount "35"]
[EventDate "2017.09.23"]
[EventType "swiss"]
[EventRounds "8"]
[EventCountry "ESP"]
[SourceTitle "CBM 187 Extra"]
[Source "ChessBase"]
[SourceDate "2018.11.04"]
[SourceVersion "1"]
[SourceVersionDate "2018.11.04"]
[SourceQuality "1"]

1. e4 e5 2. Nf3 Nc6 3. d4 exd4 4. Nxd4 Nxd4 5. Qxd4 Ne7 6. Be3 Nc6 7. Qd2 Bb4 8. c3 Ba5 9. Na3 0-0 10. Nc4 Bb6 11. Nxb6 axb6 12. Bd3 d6 13. 0-0 Be6 14. b3 Qe7 15. Rad1 Ra5 16. f4 f6 17. Bb1 Bf7 18. Rde1 1/2-1/2

[Event "Roncana op 11th"]
[Site "Santa Eulalia de Roncana"]
[Date "2017.10.07"]
[Round "3"]
[White "Herms Agullo, Jordi"]
[Black "Ortega Serra, Marc"]
[Result "1-0"]
[WhiteElo "2065"]
[BlackElo "2237"]
[PlyCount "108"]
[EventDate "2017.09.23"]
[EventType "swiss"]
[EventRounds "8"]
[EventCountry "ESP"]
[SourceTitle "CBM 187 Extra"]
[Source "ChessBase"]
[SourceDate "2018.11.04"]
[SourceVersion "1"]
[SourceVersionDate "2018.11.04"]
[SourceQuality "1"]

1. e4 e6 2. b3 d5 3. Bb2 d4 4. Nf3 c5 5. Bb5+ Bd7 6. Bxd7+ Qxd7 7. 0-0 Nc6 8. c3 e5 9. cxd4 cxd4 10. d3 Nf6 11. Ba3 Bxa3 12. Nxa3 Qe7 13. Nc4 b5 14. Ncd2 0-0 15. Ne1 Rfc8 16. f4 Nd7 17. Qh5 Nb4 18. fxe5 Nxe5 19. Ndf3 Nxf3+ 20. Rxf3 Rc5 21. Rxf7 Qd6 22. Rf5 g6 23. Rf6 Qe7 24. Qh4 Qg7 25. Rd6 Rf8 26. Qh3 Qf7 27. Nf3 Nxd3 28. Qe6 Qxe6 29. Rxe6 Nf4 30. Rd6 Rc2 31. Nxd4 Rxg2+ 32. Kh1 Rg4 33. Rg1 Rh4 34. Nf5 Rh5 35. Rd7 Nh3 36. Rg2 Kh8 37. Ng3 Rc5 38. Rgd2 Rc1+ 39. Kg2 Nf4+ 40. Kf3 Rc3+ 41. Kg4 Ne6 42. Re7 Rc6 43. Rdd7 h5+ 44. Kh4 a6 45. Rf7 Rxf7 46. Rxf7 Kg8 47. Ra7 Rc2 48. h3 Rf2 49. Nh1 Rf4+ 50. Kg3 h4+ 51. Kg2 Rxe4 52. Rxa6 Kf7 53. Nf2 Re3 54. Ra7+ Kf6 1-0

[Event "Roncana op 11th"]
[Site "Santa Eulalia de Roncana"]
[Date "2017.09.30"]
[Round "2"]
[White "Cervello Navarro, Hector"]
[Black "Herms Agullo, Jordi"]
[Result "0-1"]
[WhiteElo "1659"]
[BlackElo "2065"]
[PlyCount "66"]
[EventDate "2017.09.23"]
[EventType "swiss"]
[EventRounds "8"]
[EventCountry "ESP"]
[SourceTitle "CBM 187 Extra"]
[Source "ChessBase"]
[SourceDate "2018.11.04"]
[SourceVersion "1"]
[SourceVersionDate "2018.11.04"]
[SourceQuality "1"]

1. e4 e5 2. Nf3 Nc6 3. Bc4 Nf6 4. d3 Be7 5. Nc3 d6 6. h3 0-0 7. a3 Be6 8. Bd5 Bxd5 9. exd5 Nd4 10. Be3 Nf5 11. d4 Nxe3 12. fxe3 e4 13. Nd2 c6 14. dxc6 bxc6 15. 0-0 d5 16. Na2 Bd6 17. c4 Bc7 18. c5 g6 19. b4 Nh5 20. Rf2 f5 21. Nf1 f4 22. g4 fxg3 23. Re2 Qh4 24. Kg2 Rf3 25. Nc3 Raf8 26. Raa2 R8f5 27. Qa4 Qf6 28. Qxa7 Rf2+ 29. Kg1 Rxf1+ 30. Kg2 R5f2+ 31. Rxf2 Rxf2+ 32. Kg1 Rf1+ 33. Kg2 Qf3# 0-1

[Event "Barcelona Sant Marti op-A 17th"]
[Site "Barcelona"]
[Date "2015.07.15"]
[Round "3"]
[White "Herms Agullo, Jordi"]
[Black "Stella, Andrea"]
[Result "0-1"]
[WhiteElo "2075"]
[BlackElo "2427"]
[PlyCount "106"]
[EventDate "2015.07.13"]
[EventType "swiss"]
[EventRounds "9"]
[EventCountry "ESP"]
[SourceTitle "CBM 167 Extra"]
[Source "ChessBase"]
[SourceDate "2015.09.14"]
[SourceVersion "1"]
[SourceVersionDate "2015.09.14"]
[SourceQuality "1"]

1. e4 c5 2. Nf3 e6 3. Nc3 d6 4. d4 cxd4 5. Nxd4 Nf6 6. Be2 Be7 7. 0-0 0-0 8. Be3 Nc6 9. f4 e5 10. fxe5 dxe5 11. Nxc6 bxc6 12. Qxd8 Rxd8 13. Bc4 Bg4 14. h3 Bh5 15. Rf5 Bg6 16. Rxe5 Bb4 17. Rf1 h6 18. a3 Nd7 19. Ref5 Bxc3 20. bxc3 Bxf5 21. Rxf5 Rf8 22. Ra5 Rfe8 23. Bd3 Re5 24. Ra6 c5 25. Bb5 Nb6 26. Bc6 Rc8 27. Bb7 Rd8 28. a4 Re7 29. Bc6 Rc8 30. Bb5 Rxe4 31. Bf2 Re7 32. Bg3 c4 33. Bf2 Nd5 34. Bd4 Rcc7 35. Rd6 Nf4 36. Kf2 Kh7 37. Be3 Nxg2 38. Bd2 Nh4 39. Rd5 Ng6 40. Rd4 Ne5 41. Bf4 g5 42. Bxe5 Rxe5 43. Bxc4 f5 44. Bd3 Kg7 45. Rd6 a5 46. Kf3 h5 47. h4 gxh4 48. Kf4 h3 49. Kxe5 h2 50. Be4 fxe4 51. Rd1 e3 52. Kf4 e2 53. Re1 Re7 0-1

[Event "Roncana op-A 8th"]
[Site "Santa Eulalia de Roncana"]
[Date "2014.11.29"]
[Round "7"]
[White "Herms Agullo, Jordi"]
[Black "Pellus Ruiz, Josep"]
[Result "0-1"]
[WhiteElo "2224"]
[BlackElo "2230"]
[PlyCount "64"]
[EventDate "2014.10.11"]
[EventType "swiss"]
[EventRounds "8"]
[EventCountry "ESP"]
[SourceTitle "CBM 163 Extra"]
[Source "ChessBase"]
[SourceDate "2014.12.23"]
[SourceVersion "1"]
[SourceVersionDate "2014.12.23"]
[SourceQuality "1"]

1. e4 d6 2. d4 Nf6 3. Nc3 g6 4. f4 Bg7 5. Nf3 0-0 6. e5 Nfd7 7. h4 c5 8. h5 cxd4 9. Qxd4 dxe5 10. Qf2 e4 11. Ng5 Nf6 12. hxg6 hxg6 13. Qh4 Qd4 14. Nb5 Qd5 15. Be2 Rd8 16. Be3 Nc6 17. c4 Qf5 18. Kf2 Ne5 19. Kg1 Neg4 20. Nd4 Qd7 21. Bxg4 Nxg4 22. Qh7+ Kf8 23. Rd1 Qa4 24. b3 Qxa2 25. Qh8+ Bxh8 26. Rxh8+ Kg7 27. Rxd8 Nxe3 28. Rd2 Qa1+ 29. Kf2 Ng4+ 30. Ke2 e3 31. Rc2 Qg1 32. Kd3 e5 0-1

[Event "Roncana op-A 8th"]
[Site "Santa Eulalia de Roncana"]
[Date "2014.11.15"]
[Round "5"]
[White "Herms Agullo, Jordi"]
[Black "Lafuente Calvillo, Andrea"]
[Result "1-0"]
[WhiteElo "2224"]
[BlackElo "2013"]
[PlyCount "39"]
[EventDate "2014.10.11"]
[EventType "swiss"]
[EventRounds "8"]
[EventCountry "ESP"]
[SourceTitle "CBM 163 Extra"]
[Source "ChessBase"]
[SourceDate "2014.12.23"]
[SourceVersion "1"]
[SourceVersionDate "2014.12.23"]
[SourceQuality "1"]

1. e4 c5 2. Na3 Nc6 3. Bb5 g6 4. h4 h5 5. c3 d6 6. d4 cxd4 7. Qxd4 Nf6 8. Nf3 Bd7 9. Qd3 Bg7 10. Bg5 0-0 11. 0-0 a6 12. Ba4 b5 13. Bb3 Bg4 14. Nc2 Qc7 15. Ne3 Bxf3 16. Bxf6 Bxe4 17. Qxe4 exf6 18. Qxg6 Ne7 19. Qxh5 Qd7 20. Bc2 1-0

[Event "Roncana op-A 8th"]
[Site "Santa Eulalia de Roncana"]
[Date "2014.10.11"]
[Round "1"]
[White "Herms Agullo, Jordi"]
[Black "Garcia Payas, Alex"]
[Result "1-0"]
[WhiteElo "2224"]
[BlackElo "1952"]
[PlyCount "55"]
[EventDate "2014.10.11"]
[EventType "swiss"]
[EventRounds "8"]
[EventCountry "ESP"]
[SourceTitle "CBM 163 Extra"]
[Source "ChessBase"]
[SourceDate "2014.12.23"]
[SourceVersion "1"]
[SourceVersionDate "2014.12.23"]
[SourceQuality "1"]

1. e4 e6 2. d4 d5 3. Nc3 Bb4 4. e5 c5 5. a3 Bxc3+ 6. bxc3 Nc6 7. Qg4 Nge7 8. Qxg7 Rg8 9. Qxh7 Qc7 10. Ne2 cxd4 11. f4 Bd7 12. Qd3 dxc3 13. Nxc3 a6 14. Rb1 Na5 15. h4 Rc8 16. Rh3 Nf5 17. h5 d4 18. Ne4 Bb5 19. Rxb5 axb5 20. Nf6+ Ke7 21. Bd2 Nc6 22. Qxb5 Rh8 23. Qc5+ Kd8 24. g4 Nfe7 25. Rb3 Rb8 26. Bg2 b6 27. Qc4 Rc8 28. Rd3 1-0

[Event "Vall del Tenes op 3rd"]
[Site "Santa Eulalia de Roncana"]
[Date "2014.06.13"]
[Round "8"]
[White "Turon Mora, Joan"]
[Black "Herms Agullo, Jordi"]
[Result "0-1"]
[WhiteElo "2009"]
[BlackElo "2236"]
[PlyCount "62"]
[EventDate "2014.04.25"]
[EventType "swiss"]
[EventRounds "8"]
[EventCountry "ESP"]
[SourceTitle "EXT 2015"]
[Source "ChessBase"]
[SourceDate "2014.11.20"]
[SourceVersion "1"]
[SourceVersionDate "2014.11.20"]
[SourceQuality "1"]

1. d4 e6 2. c4 b6 3. Nf3 Bb7 4. g3 Bb4+ 5. Bd2 Bxf3 6. exf3 Bxd2+ 7. Qxd2 Nf6 8. Nc3 0-0 9. Bd3 Nc6 10. 0-0 Re8 11. f4 a6 12. Rac1 d6 13. d5 exd5 14. cxd5 Ne7 15. Bb1 Qd7 16. Kg2 b5 17. b4 Nc8 18. Qd3 Nb6 19. Rfe1 Rac8 20. f3 Rxe1 21. Rxe1 c5 22. dxc6 Qxc6 23. Ne4 Nxe4 24. Rxe4 g6 25. Re2 Nc4 26. h4 Re8 27. Rxe8+ Qxe8 28. Qe4 Qd8 29. Qd4 Qe7 30. Be4 d5 31. Qxd5 Ne3+ 0-1

[Event "Llinars del Valles op-A 8th"]
[Site "Llinars del Valles"]
[Date "2014.05.31"]
[Round "5"]
[White "Herms Agullo, Jordi"]
[Black "Franch Guiral, Ramon"]
[Result "1/2-1/2"]
[WhiteElo "2109"]
[BlackElo "1936"]
[PlyCount "63"]
[EventDate "2014.04.26"]
[EventType "swiss"]
[EventRounds "8"]
[EventCountry "ESP"]
[SourceTitle "EXT 2015"]
[Source "ChessBase"]
[SourceDate "2014.11.20"]
[SourceVersion "1"]
[SourceVersionDate "2014.11.20"]
[SourceQuality "1"]

1. e4 d6 2. d4 Nf6 3. Nc3 g6 4. f4 c6 5. Nf3 Bg7 6. Bd3 b5 7. a3 Bb7 8. e5 dxe5 9. fxe5 Nd5 10. e6 f6 11. Ne4 Na6 12. a4 Qb6 13. c3 Bc8 14. axb5 cxb5 15. Qe2 Nac7 16. Nc5 a6 17. 0-0 0-0 18. Re1 Rd8 19. Nh4 Rd6 20. Nxg6 hxg6 21. Bxg6 Rxe6 22. Nxe6 Qxe6 23. Bh7+ Kf8 24. Qf2 Qg4 25. Be4 Rb8 26. Bf3 Qg6 27. Qe2 e6 28. Bh5 Qh7 29. Rf1 Ke7 30. Ra3 Bd7 31. Bf3 Rh8 32. h3 1/2-1/2

[Event "Roncana op-A 7th"]
[Site "Santa Eulalia de Roncana"]
[Date "2013.11.16"]
[Round "6"]
[White "Herms Agullo, Jordi"]
[Black "Cornejo Vera, Danilo"]
[Result "1-0"]
[WhiteElo "2118"]
[BlackElo "1692"]
[PlyCount "60"]
[EventDate "2013.10.05"]
[EventType "swiss"]
[EventRounds "8"]
[EventCountry "ESP"]
[SourceTitle "CBM 157 Extra"]
[Source "ChessBase"]
[SourceDate "2013.12.19"]
[SourceVersion "1"]
[SourceVersionDate "2013.12.19"]
[SourceQuality "1"]

1. e4 c6 2. d4 d5 3. e5 c5 4. dxc5 e6 5. Nf3 Bxc5 6. Bd3 Ne7 7. a3 a5 8. 0-0 Bd7 9. Nc3 Bc6 10. Re1 Qd7 11. Qe2 Na6 12. Rb1 a4 13. b4 axb3 14. cxb3 Nc7 15. b4 d4 16. Ne4 Bb6 17. Nd6+ Kf8 18. Ng5 f6 19. Qh5 Ned5 20. Nxh7+ Kg8 21. b5 fxe5 22. bxc6 Qxd6 23. cxb7 Rb8 24. Rxe5 Rxb7 25. Rg5 Qe7 26. a4 Ne8 27. Rxd5 exd5 28. Qxd5+ Qf7 29. Bc4 Nd6 30. Ng5 Re7 1-0

[Event "Barcelona Sant Marti op-A 15th"]
[Site "Barcelona"]
[Date "2013.07.21"]
[Round "9"]
[White "Pettersen, Joar Gullestad"]
[Black "Herms Agullo, Jordi"]
[Result "1-0"]
[WhiteElo "1944"]
[BlackElo "2130"]
[PlyCount "109"]
[EventDate "2013.07.13"]
[EventType "swiss"]
[EventRounds "9"]
[EventCountry "ESP"]
[SourceTitle "CBM 155 Extra"]
[Source "ChessBase"]
[SourceDate "2013.08.26"]
[SourceVersion "1"]
[SourceVersionDate "2013.08.26"]
[SourceQuality "1"]

1. d4 Nf6 2. c4 g6 3. Nf3 Bg7 4. Nc3 d6 5. e4 0-0 6. Be2 Na6 7. 0-0 e5 8. Be3 Ng4 9. Bg5 f6 10. Bc1 Qe8 11. h3 Nh6 12. Be3 Nf7 13. a3 exd4 14. Nxd4 Ng5 15. Ndb5 Kh8 16. Qc2 Rf7 17. b4 b6 18. Bd3 Ne6 19. Rad1 Qf8 20. Be2 f5 21. exf5 Rxf5 22. Bg4 Rf7 23. Be2 Nf4 24. Bd4 Bb7 25. Nd5 Nxe2+ 26. Qxe2 c6 27. Nxd6 cxd5 28. Nxf7+ Qxf7 29. cxd5 Rd8 30. d6 Nb8 31. Rfe1 Nc6 32. Bxg7+ Kxg7 33. b5 Nb8 34. Qe5+ Kg8 35. Qg5 Rf8 36. Rd2 Bc8 37. Re7 Qf5 38. Qxf5 Rxf5 39. a4 Bd7 40. Rc2 Rd5 41. Rc7 Rxd6 42. Rxa7 Rf6 43. Raxd7 Nxd7 44. Rxd7 Rf4 45. Ra7 h5 46. f3 h4 47. Kf2 Rb4 48. Ke3 g5 49. Ra6 Kf7 50. Kd3 Rb2 51. Rxb6 Rxg2 52. Ke4 Rg3 53. a5 Rxh3 54. a6 g4 55. a7 1-0

[Event "Barcelona Sant Marti op-A 15th"]
[Site "Barcelona"]
[Date "2013.07.17"]
[Round "5"]
[White "Galopoulos, Nikolaos"]
[Black "Herms Agullo, Jordi"]
[Result "1-0"]
[WhiteElo "2343"]
[BlackElo "2130"]
[PlyCount "61"]
[EventDate "2013.07.13"]
[EventType "swiss"]
[EventRounds "9"]
[EventCountry "ESP"]
[SourceTitle "CBM 155 Extra"]
[Source "ChessBase"]
[SourceDate "2013.08.26"]
[SourceVersion "1"]
[SourceVersionDate "2013.08.26"]
[SourceQuality "1"]

1. d4 Nf6 2. Bg5 e6 3. Nf3 c5 4. e3 Qb6 5. Qc1 Nc6 6. c3 d5 7. Nbd2 cxd4 8. exd4 Bd7 9. b4 Rc8 10. Qb2 Bd6 11. Be2 0-0 12. 0-0 Ne8 13. a3 f6 14. Bh4 f5 15. c4 dxc4 16. Nxc4 Qc7 17. Rac1 a6 18. Ne3 h6 19. d5 exd5 20. Nxd5 Qb8 21. Nb6 Rc7 22. Qb3+ Kh8 23. Rfd1 Bc8 24. Bc4 Ne5 25. Nxe5 Bxe5 26. Nd5 Rxc4 27. Qxc4 Be6 28. Qe2 g5 29. Bxg5 hxg5 30. Qh5+ Kg8 31. Ne7+ 1-0

[Event "Barcelona Primavera La Lira op 6th"]
[Site "Barcelona"]
[Date "2013.06.06"]
[Round "9"]
[White "Herms Agullo, Jordi"]
[Black "Nadal Fajardo, Ricard"]
[Result "1-0"]
[WhiteElo "2121"]
[BlackElo "1886"]
[PlyCount "69"]
[EventDate "2013.04.11"]
[EventType "swiss"]
[EventRounds "9"]
[EventCountry "ESP"]
[SourceTitle "CBM 154 Extra"]
[Source "ChessBase"]
[SourceDate "2013.06.25"]
[SourceVersion "2"]
[SourceVersionDate "2013.06.25"]
[SourceQuality "1"]

1. e4 c5 2. Nf3 Nc6 3. d4 cxd4 4. Nxd4 e5 5. Nb5 a6 6. Nd6+ Bxd6 7. Qxd6 Qe7 8. Qxe7+ Ngxe7 9. Nc3 d6 10. Be3 Be6 11. 0-0-0 Rd8 12. Bb6 Rd7 13. Nd5 Bxd5 14. exd5 Nb8 15. h4 Nc8 16. Be3 b5 17. h5 f5 18. g3 h6 19. Rh4 Rc7 20. a4 0-0 21. axb5 axb5 22. Bxb5 Na7 23. Bf1 Nd7 24. Ra4 Nc8 25. Ra6 Nc5 26. Bxc5 Rxc5 27. b4 Rc7 28. Kb2 f4 29. g4 f3 30. c3 Rf4 31. Rc6 Rxc6 32. dxc6 Rxg4 33. Bh3 Rg2 34. Bxc8 Rxf2+ 35. Kb3 1-0

[Event "Barcelona Primavera La Lira op 6th"]
[Site "Barcelona"]
[Date "2013.05.16"]
[Round "6"]
[White "Escudero Sebastian, Adam"]
[Black "Herms Agullo, Jordi"]
[Result "0-1"]
[WhiteElo "1822"]
[BlackElo "2121"]
[PlyCount "70"]
[EventDate "2013.04.11"]
[EventType "swiss"]
[EventRounds "9"]
[EventCountry "ESP"]
[SourceTitle "CBM 154 Extra"]
[Source "ChessBase"]
[SourceDate "2013.06.25"]
[SourceVersion "2"]
[SourceVersionDate "2013.06.25"]
[SourceQuality "1"]

1. e4 d5 2. exd5 Nf6 3. d4 Bg4 4. f3 Bf5 5. g4 Bg6 6. c4 e6 7. g5 Nh5 8. Nc3 c5 9. dxe6 cxd4 10. exf7+ Bxf7 11. Ne4 Nc6 12. a3 Be7 13. f4 0-0 14. Bd3 Bg6 15. Ne2 Qa5+ 16. Bd2 Qb6 17. Qc2 Rad8 18. 0-0-0 Rc8 19. c5 Qd8 20. Kb1 b6 21. Qb3+ Kh8 22. N2g3 Nxf4 23. Bxf4 Rxf4 24. h4 bxc5 25. h5 Bf7 26. Qc2 Qd5 27. Ne2 Qa2+ 28. Kc1 Rg4 29. Rdf1 Bg8 30. h6 c4 31. hxg7+ Kxg7 32. N2c3 cxd3 33. Qh2 dxc3 34. Qh6+ Kh8 35. Nxc3 Qa1+ 0-1